000 00343nam a2200169Ia 4500
100 _aLee/Wei-Meng
650 _aAndroid
942 _cBK
366 _f20
654 _aandroid 4
245 _aBeginning android 4: Application development
260 _bWrox
_c2012
082 _bLEE
300 _a533
546 _aENGLISH
999 _c31864
_d31864